00365cam a22001097a 4500008004000000082002000040245005900060260004200119300000900161650005400170700003100224180718b1962 xxu||||| |||| 00| 0 eng d aB7303mx5444 MYS aMysore municipalities act, 1962cby Laws, Statues, etc aBangalorebDirector Of Printingc1962 a256p aMunicipal Government- India- Mysore - Legislation aMysore. Laws, Statues, etc